Érase un verso (Registro nro. 57053)

Detalles MARC
000 -CABECERA
Longitud fija campo de control 02872nam a2200517 i 4500
003 - • IDENTIFICADOR DELl NÚMERO DE CONTROL
Identificador del número de control CO-BoRNBP
005 - • FECHA Y HORA DE LA ÚLTIMA TRANSACCIÓN
Fecha y hora de la última transacción 20250307162054.0
007 - • CAMPO FIJO DE DESCRIPCIÓN FÍSICA
Campo fijo de descripción física ta
008 - • CÓDIGOS DE INFORMACIÓN DE LONGITUD FIJA
Códigos de información de longitud fija 231128s2023 ck a|||er|||| 00| p spa d
020 ## - • NÚMERO INTERNACIONAL NORMALIZADO PARA LIBROS
Número Internacional Normalizado para Libros (ISBN) 9789586657914
040 ## - FUENTE DE LA CATALOGACIÓN
Centro catalogador de origen CO-BoRNBP
Lengua de catalogación spa
Normas de descripción rda
Centro transcriptor CO-BoRNBP
041 1# - • CÓDIGO DE LENGUA
Código de lengua del texto/banda sonora o título independiente spa
Código de lengua original eng
043 ## - CÓDIGO DE ÁREA GEOGRÁFICA
Código de área geográfica e-enk---
084 ## - • Clasificación Local Alfanúmerica PNLB
Número de clasificación P GAI1
100 1# - • PUNTO DE ACCESO PRINCIPAL-NOMBRE DE PERSONA
Nombre de persona Gaiman, Neil,
Fechas asociadas al nombre 1960- ,
Término indicativo de función autor
245 10 - • TITULO PROPIAMENTE DICHO
Título Érase un verso
Resto del título (poemas de hadas revisitados)
Mención de responsabilidad, etc. Neil Gaiman … [y otros cuarenta y siete] ; traducción Lawrence Schimel
250 ## - • MENCIÓN DE EDICIÓN
Mención de edición Edición especial para el Ministerio de las Culturas
264 #1 - PRODUCCIÓN, PUBLICACIÓN , DISTRIBUCIÓN, FABRICACIÓN Y COPYRIGHT
Lugar de producción, publicación, distribución, fabricación Bogotá, Colombia
Nombre del productor, editor, distribuidor, fabricante Siglo del Hombre Editores
Fecha de de producción, publicación, distribución, fabricación o copyright 2023
300 ## - • DESCRIPCIÓN FÍSICA
Extensión 138 páginas
Otras características físicas ilustraciones a color
Dimensiones 21 cm
336 ## - TIPO DE CONTENIDO
Término de tipo de contenido texto
Código de tipo de contenido txt
Fuente rdacontenido
337 ## - TIPO DE MEDIO
Nombre del tipo de medio sin mediación
Código del tipo de medio n
Fuente rdamedio
338 ## - TIPO DE SOPORTE
Nombre del tipo de soporte volumen
Código del tipo de soporte nc
Fuente rdasoporte
500 ## - • NOTA GENERAL
Nota general Incluye índice
500 ## - • NOTA GENERAL
Nota general Contiene los poemas en su versión original en idioma inglés.
505 0# - • NOTA DE CONTENIDO CON FORMATO
Título (R ) Los chicos y las chicas juntos /
Mención de responsabilidad (R ) Neil Gaiman
Título (R ) Lo que dijo su madre /
Mención de responsabilidad (R ) Theodora Goss
Título (R ) Dijo Rapunzel al lobo /
Mención de responsabilidad (R ) Sally Rosen Kindred
Título (R ) Cenicienta /
Mención de responsabilidad (R ) Sylvia Plath
Título (R ) La chica final de Barba Azul, o La revisionista /
Mención de responsabilidad (R ) Veronica Schanoes
Título (R ) La mujer del ogro /
Mención de responsabilidad (R ) Ron Koertege
Título (R ) La bella durmiente /
Mención de responsabilidad (R ) Leonard Cohen
Título (R ) El enano saltarin /
Mención de responsabilidad (R ) Anne Sexton
Título (R ) Caperucita /
Mención de responsabilidad (R ) Carol Ann Duffy
Título (R ) Inmortalidad /
Mención de responsabilidad (R ) Lisel Mueller
Título (R ) Ser un héroe /
Mención de responsabilidad (R ) Nancy Springer
Título (R ) Hotel Grimm /
Mención de responsabilidad (R ) Jeanne Marie Beaumont
Título (R ) La hermana /
Mención de responsabilidad (R ) Terri Windling
Título (R ) El hada malvada /
Mención de responsabilidad (R ) Delia Sherman
Título (R ) El hombre de jengibre /
Mención de responsabilidad (R ) Ron Koertege
Título (R ) La hermanastra fea /
Mención de responsabilidad (R ) Denise Duhamel
Título (R ) La doncella sin pies /
Mención de responsabilidad (R ) Francesca Lia Block
Título (R ) De donde viene la magia /
Mención de responsabilidad (R ) Gregory Maguire
Título (R ) Caperucita roja /
Mención de responsabilidad (R ) Anne Sexton
Título (R ) Doña Bestia /
Mención de responsabilidad (R ) Carol Ann Duffy
Título (R ) La sirenita /
Mención de responsabilidad (R ) Lawrence Schimel
Título (R ) de Papeles de lobo /
Mención de responsabilidad (R ) Matt Bell
Título (R ) Besar al sapo /
Mención de responsabilidad (R ) Galway Kinnell<br/>
Título (R ) Finales felices /
Mención de responsabilidad (R ) Gail White
521 ## - • NOTA DE P&Uacute;BLICO DESTINATARIO
Nota público destinatario (R ) Recomendado para un público adulto<br/> <br/>
534 ## - • Nota De Versión Original
Título Once upon a verse (fairy poems revisited)
546 ## - • NOTA DEL IDIOMA
Nota de lengua Texto en español e inglés
650 17 - • PUNTO DE ACCESO ADICIONAL DE MATERIA - T&Eacute;RMINO DE MATERIA
Término de materia o nombre geográfico como elemento inicial Poesía inglesa
Subdivisión cronológica Siglo XXI
Fuente del encabezamiento o término ARMARC
650 17 - • PUNTO DE ACCESO ADICIONAL DE MATERIA - T&Eacute;RMINO DE MATERIA
Término de materia o nombre geográfico como elemento inicial Literatura inglesa
Subdivisión cronológica Siglo XXI
Subdivisión de forma Colecciones
Fuente del encabezamiento o término ARMARC
650 17 - • PUNTO DE ACCESO ADICIONAL DE MATERIA - T&Eacute;RMINO DE MATERIA
Término de materia o nombre geográfico como elemento inicial Antologías
Fuente del encabezamiento o término ARMARC
700 1# - • PUNTO DE ACCESO ADICIONAL - NOMBRE DE PERSONA
Nombre de persona Schimel, Lawrence
Término indicativo de función traductor
700 1# - • PUNTO DE ACCESO ADICIONAL - NOMBRE DE PERSONA
Nombre de persona Gosss, Theodora
Término indicativo de función autora
700 1# - • PUNTO DE ACCESO ADICIONAL - NOMBRE DE PERSONA
Nombre de persona Rosen Kindred, Sally
Término indicativo de función autora
700 1# - • PUNTO DE ACCESO ADICIONAL - NOMBRE DE PERSONA
Nombre de persona Plath, Sylvia
Término indicativo de función autora
700 1# - • PUNTO DE ACCESO ADICIONAL - NOMBRE DE PERSONA
Nombre de persona Schanoes, Veronica
Término indicativo de función autora
700 1# - • PUNTO DE ACCESO ADICIONAL - NOMBRE DE PERSONA
Nombre de persona Koertege, Ron
Término indicativo de función autor
700 1# - • PUNTO DE ACCESO ADICIONAL - NOMBRE DE PERSONA
Nombre de persona Sexton, Anne
Término indicativo de función autora
700 1# - • PUNTO DE ACCESO ADICIONAL - NOMBRE DE PERSONA
Nombre de persona Duffy, Carol Ann
Término indicativo de función autora
700 1# - • PUNTO DE ACCESO ADICIONAL - NOMBRE DE PERSONA
Nombre de persona Mueller, Liser
Término indicativo de función autora
700 1# - • PUNTO DE ACCESO ADICIONAL - NOMBRE DE PERSONA
Nombre de persona Springer, Nancy
Término indicativo de función autora
700 1# - • PUNTO DE ACCESO ADICIONAL - NOMBRE DE PERSONA
Nombre de persona Beaumont, Jeanne Marie
Término indicativo de función autora
700 1# - • PUNTO DE ACCESO ADICIONAL - NOMBRE DE PERSONA
Nombre de persona Windling, Terri
Término indicativo de función autor
700 1# - • PUNTO DE ACCESO ADICIONAL - NOMBRE DE PERSONA
Nombre de persona Sherman, Delia
Término indicativo de función autora
942 ## - ENTRADA DE ELEMENTOS AGREGADOS (KOHA)
Fuente de clasificaión o esquema
Koha [por defecto] tipo de item Libro Literatura
Existencias
Perdido Fuente de clasificaci&oacute;n o esquema Estado Físico No para pr&eacute;stamo Forma de adquisición Localizaci&oacute;n permanente Localizaci&oacute;n actual Localización en estanterías Fecha adquisici&oacute;n Pr&eacute;stamos totales Signatura completa C&oacute;digo de barras Fecha &uacute;ltima consulta N&uacute;mero de copia Fecha del precio de reemplazo Tipo de item de Koha Fuente de adquisici&oacute;n
  Dewey Decimal Classification     Colección General Biblioteca Pública Dorado Biblioteca Pública Dorado Literatura 02/26/2026   P GAI1 DOR03513 02/26/2026 Ej.1 02/26/2026 Libro Literatura  
  Dewey Decimal Classification     Colección General Biblioteca Pública José Eustasio Rivera - San Martin Biblioteca Pública José Eustasio Rivera - San Martin General 09/30/2025   P GAI1 SM04251 09/30/2025 Ej.1 09/30/2025 Libro Literatura  
  Dewey Decimal Classification     Colección General Biblioteca Pública Puerto Lleras Biblioteca Pública Puerto Lleras Literatura 08/12/2025   P GAI1 PLL00628 08/12/2025 Ej.1 08/12/2025 Libro Literatura  
  Dewey Decimal Classification     Colección General Biblioteca Pública San Carlos de Guaroa - Eduardo Carranza Biblioteca Pública San Carlos de Guaroa - Eduardo Carranza Literatura 08/20/2025   P GAI1 SG04121 08/20/2025 Ej.1 08/20/2025 Libro Literatura  
  Dewey Decimal Classification     Colección General Biblioteca Pública El Castillo - Alfonso Meneses Biblioteca Pública El Castillo - Alfonso Meneses Literatura 10/08/2025   P GAI1 EC03084 10/08/2025 Ej.1 10/08/2025 Libro Literatura  
  Dewey Decimal Classification     Colección General Biblioteca Pública Cabuyaro Biblioteca Pública Cabuyaro Literatura 09/25/2025   P GAI1 CAB001254 09/25/2025 Ej.1 09/25/2025 Libro Literatura  
  Dewey Decimal Classification     Colección General Biblioteca Pública Castilla La Nueva -Ecobiblioteca Biblioteca Pública Castilla La Nueva -Ecobiblioteca Literatura 10/01/2025   P GAI1 CLN00381 10/01/2025 Ej.1 10/01/2025 Libro Literatura  
  Dewey Decimal Classification     Literatura General Biblioteca Pública Granada - Boca del Monte Biblioteca Pública Granada - Boca del Monte Literatura 02/17/2026   P GAI1 GRDA02022 02/17/2026 Ej.1 02/17/2026 Libro Literatura BIBLIOTECA NACIONAL
  Dewey Decimal Classification     Colección General Biblioteca Pública Guamal Biblioteca Pública Guamal Literatura 02/04/2025   P GAI1 GUA004900 03/07/2025 Ej.1 03/07/2025 Libro Literatura  
  Dewey Decimal Classification     Colección General Biblioteca Pública Mapiripan Biblioteca Pública Mapiripan Literatura 08/21/2025   P GAI1 MAP00004413 08/21/2025 Ej.1 08/21/2025 Libro Literatura  
  Clasificación Local Facetada     Colección General Biblioteca Pública San Juanito - Ernesto Maria Peña Romero Biblioteca Pública San Juanito - Ernesto Maria Peña Romero Literatura 08/22/2025   P GAI1 SJU01595 08/22/2025 Ej.1 08/22/2025 Libro Literatura  
  Dewey Decimal Classification     Colección General Biblioteca Pública Uribe - Reinerio Arenas Biblioteca Pública Uribe - Reinerio Arenas Literatura 10/22/2025   P GAI1 URI03220 10/22/2025 Ej.1 10/22/2025 Libro Literatura  









Instituto Departamental de Cultura del Meta - Red Departamental de Bibliotecas Públicas del Meta.